Contemporary business mathematics with Canadian applications / (Record no. 3007)

000 -LEADER
fixed length control field 00997cam a2200325 a 4500
003 - CONTROL NUMBER IDENTIFIER
control field CaOOAMICUS
005 - DATE AND TIME OF LATEST TRANSACTION
control field 20210729070625.0
008 - FIXED-LENGTH DATA ELEMENTS--GENERAL INFORMATION
fixed length control field 101021s2012 onca 001 0 eng
020 ## - INTERNATIONAL STANDARD BOOK NUMBER
International Standard Book Number 9780133473568
040 ## - CATALOGING SOURCE
Transcribing agency CaOONL
050 ## - LIBRARY OF CONGRESS CALL NUMBER
Classification number HF5691
Item number H85 2015
055 #0 - CLASSIFICATION NUMBERS ASSIGNED IN CANADA
Classification number HF5691
Item number H85 2011
090 ## - LOCALLY ASSIGNED LC-TYPE CALL NUMBER (OCLC); LOCAL CALL NUMBER (RLIN)
Classification number (OCLC) (R) ; Classification number, CALL (RLIN) (NR) 650.01513 HUM
090 ## - LOCALLY ASSIGNED LC-TYPE CALL NUMBER (OCLC); LOCAL CALL NUMBER (RLIN)
Classification number (OCLC) (R) ; Classification number, CALL (RLIN) (NR) 650.01513 H78.2 2012
100 1# - MAIN ENTRY--PERSONAL NAME
Personal name Hummelbrunner, S. A.
245 10 - TITLE STATEMENT
Title Contemporary business mathematics with Canadian applications /
Statement of responsibility, etc. S.A. Hummelbrunner, K. Suzanne Coombs ; contributing author, Kelly Halliday.
250 ## - EDITION STATEMENT
Edition statement Ninth edition
260 ## - PUBLICATION, DISTRIBUTION, ETC.
Place of publication, distribution, etc. Toronto :
Name of publisher, distributor, etc. Pearson Canadal,
Date of publication, distribution, etc. c2015.
263 ## - PROJECTED PUBLICATION DATE
Projected publication date 1101
300 ## - PHYSICAL DESCRIPTION
Extent 706 p. :
Other physical details ill.
Dimensions 28 cm
336 ## - CONTENT TYPE
Content type term text
Content type code txt
Source rdacontent
337 ## - MEDIA TYPE
Media type term unmediated
Media type code n
Source rdamedia
338 ## - CARRIER TYPE
Carrier type term volume
Carrier type code nc
Source rdacarrier
500 ## - GENERAL NOTE
General note Includes index.
650 #0 - SUBJECT ADDED ENTRY--TOPICAL TERM
Topical term or geographic name entry element Business mathematics
Form subdivision Textbooks.
700 1# - ADDED ENTRY--PERSONAL NAME
Personal name Coombs, Suzanne.
700 1# - ADDED ENTRY--PERSONAL NAME
Personal name Halliday, Kelly.
910 ## - USER-OPTION DATA (OCLC)
User-option data Canadian
942 ## - ADDED ENTRY ELEMENTS (KOHA)
Source of classification or shelving scheme
Koha item type Book
Suppress in OPAC SO
Holdings
Withdrawn status Lost status Source of classification or shelving scheme Damaged status Not for loan Permanent Location Current Location Shelving location Date acquired Source of acquisition Total Checkouts Full call number Barcode Date last seen Price effective from Koha item type Public note
          AU LIBRARY AU LIBRARY Open Shelf 29.07.2021 DONATION FROM MOI UNIVERSITY   HF5691 H85 2015 28000236 29.07.2021 29.07.2021 Book SO

Powered by Koha